[Event "MEX-ch"]
[Site "Mexico City"]
[Date "2023.11.11"]
[Round "7"]
[White "Francisco Cruz, Yahir Alberto"]
[Black "Luna Javier, Edgar Froylan"]
[Result "1-0"]
[WhiteElo "2059"]
[BlackElo "2184"]
[PlyCount "97"]
[EventDate "2023.11.07"]
[EventType "swiss"]
[EventRounds "9"]
[EventCountry "MEX"]
[SourceTitle "CB46_2023"]
[SourceDate "2023.11.15"]
[SourceVersion "1"]
[SourceVersionDate "2023.11.15"]
[SourceQuality "1"]

1. d4 Nf6 2. c4 g6 3. g3 Bg7 4. Bg2 0-0 5. Nc3 d6 6. e4 c5 7. Nge2 Nc6 8. 0-0 cxd4 9. Nxd4 Nxe4 10. Nxc6 Nxc3 11. Nxd8 Nxd1 12. Nxb7 Nxb2 13. Bxb2 Bxb2 14. Rab1 Be5 15. Nxd6 Be6 16. Bxa8 Rxa8 17. Nb7 Bxc4 18. Rfe1 Bxa2 19. Rbd1 Bf6 20. Rd8+ Rxd8 21. Nxd8 a5 22. Nc6 a4 23. Re4 a3 24. Ra4 Bb2 25. Ra7 Kg7 26. Nb4 Bb1 27. Kf1 e5 28. f3 g5 29. Ke2 g4 30. fxg4 e4 31. h4 Kf6 32. g5+ Ke5 33. h5 Kd4 34. Rxf7 Bd3+ 35. Kd1 e3 36. Rf4+ Kc3 37. Nd5+ Kb3 38. Rb4+ Ka2 39. Nxe3 Kb1 40. Kd2 Bf5 41. Nxf5 a2 42. Ra4 Bc1+ 43. Kd3 Bxg5 44. Nd4 a1Q 45. Rxa1+ Kxa1 46. Ne6 Be7 47. Ke4 Kb2 48. Kf5 Kc3 49. g4 1-0

[Event "MEX-ch"]
[Site "Mexico City"]
[Date "2023.11.10"]
[Round "5"]
[White "Francisco Cruz, Yahir Alberto"]
[Black "Lopez Padilla, Piero Raul"]
[Result "1/2-1/2"]
[WhiteElo "2059"]
[BlackElo "2000"]
[PlyCount "66"]
[EventDate "2023.11.07"]
[EventType "swiss"]
[EventRounds "9"]
[EventCountry "MEX"]
[SourceTitle "CB46_2023"]
[SourceDate "2023.11.15"]
[SourceVersion "1"]
[SourceVersionDate "2023.11.15"]
[SourceQuality "1"]

1. e4 c5 2. Nf3 d6 3. d4 cxd4 4. Nxd4 Nf6 5. Nc3 a6 6. Bg5 e6 7. f4 h6 8. Bh4 Qb6 9. Qd2 Qxb2 10. Rb1 Qa3 11. f5 Be7 12. fxe6 fxe6 13. Bc4 Nxe4 14. Nxe4 Bxh4+ 15. g3 Bg5 16. Nxg5 hxg5 17. Nxe6 Bxe6 18. Bxe6 Qxg3+ 19. hxg3 Rxh1+ 20. Ke2 Rh2+ 21. Ke3 Rxd2 22. Kxd2 Ra7 23. Bd5 b5 24. a4 Kd8 25. axb5 axb5 26. Rxb5 Nd7 27. Rb1 Ne5 28. Rb8+ Ke7 29. Rg8 Kf6 30. Rf8+ Ke7 31. Rg8 Kf6 32. Rf8+ Ke7 33. Rg8 Kf6 1/2-1/2

[Event "MEX-ch"]
[Site "Mexico City"]
[Date "2023.11.08"]
[Round "2"]
[White "Sanchez Enriquez, Oscar Gerardo"]
[Black "Francisco Cruz, Yahir Alberto"]
[Result "1-0"]
[WhiteElo "2297"]
[BlackElo "2059"]
[PlyCount "98"]
[EventDate "2023.11.07"]
[EventType "swiss"]
[EventRounds "9"]
[EventCountry "MEX"]
[SourceTitle "CB46_2023"]
[SourceDate "2023.11.15"]
[SourceVersion "1"]
[SourceVersionDate "2023.11.15"]
[SourceQuality "1"]

1. e4 e5 2. Bc4 Nf6 3. d3 Nc6 4. Nc3 d6 5. f4 Be6 6. Bb5 a6 7. Bxc6+ bxc6 8. fxe5 Ng4 9. Nf3 Nxe5 10. Nxe5 dxe5 11. 0-0 Bc5+ 12. Kh1 0-0 13. Qe1 Rb8 14. b3 Bd6 15. Be3 Qe7 16. Qe2 Qh4 17. Qf2 Qh5 18. Ne2 g6 19. Ng3 Qh4 20. Qe1 Be7 21. Qc3 Bd7 22. Qxe5 Bd6 23. Qg5 Bxg3 24. Qxg3 Qxg3 25. hxg3 f5 26. exf5 Bxf5 27. Bf4 Rbe8 28. Rae1 Rxe1 29. Rxe1 Rf7 30. Re8+ Rf8 31. Re7 Rf7 32. Re8+ Rf8 33. Re5 Kf7 34. Kg1 Re8 35. Kf2 Bg4 36. Ke3 Rxe5+ 37. Bxe5 Ke6 38. Bxc7 Kd7 39. Bf4 Bd1 40. c4 Bg4 41. b4 Bd1 42. Kd2 Ba4 43. g4 Ke6 44. g5 Kf5 45. g3 Ke6 46. Kc3 Kd7 47. a3 Bd1 48. Kd4 Bc2 49. Kc3 Bd1 1-0

[Event "North American-ch U20"]
[Site "Mexico City"]
[Date "2022.12.04"]
[Round "6"]
[White "Francisco Cruz, Yahir Alberto"]
[Black "Varela Velazquez, Carlos Francisco"]
[Result "1/2-1/2"]
[WhiteElo "2056"]
[BlackElo "1949"]
[PlyCount "123"]
[EventDate "2022.12.02"]
[EventType "swiss"]
[EventRounds "9"]
[EventCountry "MEX"]
[SourceTitle "CBM 211 Extra"]
[Source "ChessBase"]
[SourceDate "2023.01.31"]
[SourceVersion "1"]
[SourceVersionDate "2023.01.31"]
[SourceQuality "1"]

1. f4 e5 2. d3 exf4 3. Bxf4 d5 4. Nf3 Bd6 5. Qd2 Bg4 6. Nc3 Bxf3 7. exf3 Qh4+ 8. g3 Bxf4 9. gxh4 Bxd2+ 10. Kxd2 c6 11. Bh3 Nd7 12. Rhe1+ Kd8 13. a4 Ngf6 14. a5 Re8 15. Rxe8+ Kxe8 16. d4 Kf8 17. b4 Rc8 18. b5 c5 19. Bxd7 Nxd7 20. Nxd5 cxd4 21. b6 a6 22. Nc7 Ne5 23. f4 Nc6 24. Ra4 Ke7 25. Kd3 Kd6 26. Kc4 h5 27. Ra1 g6 28. Kb3 Kc5 29. Ra4 Nxa5+ 30. Rxa5+ Kxb6 31. Rd5 Rxc7 32. Rxd4 Re7 33. c4 Re3+ 34. Kb4 Kc7 35. f5 Rh3 36. fxg6 fxg6 37. Rf4 Rxh2 38. Rf7+ Kb8 39. Rf4 Rg2 40. Kc5 Rg4 41. Rf6 Ka7 42. Re6 a5 43. Kb5 a4 44. c5 a3 45. Re3 Rxh4 46. Rxa3+ Kb8 47. Rf3 g5 48. Rf5 Rg4 49. Kb6 Rb4+ 50. Ka5 Rh4 51. Kb6 Rb4+ 52. Ka5 Rb3 53. Rxg5 h4 54. Rg7 h3 55. Rh7 Kc8 56. Ka4 Rf3 57. Kb5 Kb8 58. Kb4 Ka8 59. c6 bxc6 60. Kc5 Rc3+ 61. Kb6 Rb3+ 62. Kxc6 1/2-1/2

[Event "North American-ch U20"]
[Site "Mexico City"]
[Date "2022.12.03"]
[Round "4"]
[White "Francisco Cruz, Yahir Alberto"]
[Black "Rodrigue Lemieux, Shawn"]
[Result "0-1"]
[WhiteElo "2056"]
[BlackElo "2463"]
[PlyCount "98"]
[EventDate "2022.12.02"]
[EventType "swiss"]
[EventRounds "9"]
[EventCountry "MEX"]
[SourceTitle "CBM 211 Extra"]
[Source "ChessBase"]
[SourceDate "2023.01.31"]
[SourceVersion "1"]
[SourceVersionDate "2023.01.31"]
[SourceQuality "1"]

1. e4 c6 2. d4 d5 3. e5 Bf5 4. Nc3 e6 5. g4 Bg6 6. Nge2 c5 7. h4 h5 8. Nf4 Bh7 9. Nxh5 Nc6 10. Be3 cxd4 11. Bxd4 Bxc2 12. Qxc2 Nxd4 13. Qa4+ Nc6 14. Bb5 Nge7 15. 0-0-0 Qb6 16. Kb1 0-0-0 17. f4 a6 18. Bd3 Kb8 19. Ne2 Nc8 20. Nhg3 Qe3 21. a3 Nb6 22. Qc2 Na5 23. Qc3 Nac4 24. Bxc4 Qxc3 25. Nxc3 Nxc4 26. Nge2 Bc5 27. Ka2 Be3 28. b3 Nd2 29. Rh3 d4 30. Nxd4 Rxd4 31. Rxe3 Rxh4 32. Re2 Nf3 33. Rxd4 Nxd4 34. Rd2 Nf3 35. Rd7 Rxg4 36. Rxf7 Rg2+ 37. Kb1 Nd4 38. Ne4 Nxb3 39. Nd6 b5 40. f5 Nc5 41. f6 gxf6 42. exf6 Rf2 43. Ne8 Kc8 44. Ng7 e5 45. Re7 Rxf6 46. Rxe5 Na4 47. Re7 Rf3 48. Ka2 Rf2+ 49. Kb3 Rb2# 0-1

[Event "North American-ch U20"]
[Site "Mexico City"]
[Date "2022.12.02"]
[Round "2"]
[White "Francisco Cruz, Yahir Alberto"]
[Black "Jorajuria Mendoza, Algol"]
[Result "1-0"]
[WhiteElo "2056"]
[BlackElo "2115"]
[PlyCount "55"]
[EventDate "2022.12.02"]
[EventType "swiss"]
[EventRounds "9"]
[EventCountry "MEX"]
[SourceTitle "CBM 211 Extra"]
[Source "ChessBase"]
[SourceDate "2023.01.31"]
[SourceVersion "1"]
[SourceVersionDate "2023.01.31"]
[SourceQuality "1"]

1. e4 c5 2. Nf3 d6 3. d4 cxd4 4. Nxd4 Nf6 5. Nc3 Nc6 6. Bg5 e6 7. Qd2 a6 8. 0-0-0 Bd7 9. Kb1 Be7 10. f4 Nxd4 11. Qxd4 Bc6 12. Be2 h6 13. Bh4 Qc7 14. g4 e5 15. fxe5 dxe5 16. Qe3 Nxe4 17. Nxe4 Bxe4 18. Qxe4 Bxh4 19. Rd5 Bf6 20. Qa4+ Kf8 21. Rd7 Qc6 22. Qb4+ Ke8 23. Rhd1 Qxd7 24. Rxd7 Kxd7 25. Qxb7+ Kd6 26. Qb6+ Ke7 27. Qc7+ Kf8 28. Bc4 1-0

[Event "Iberoamerican-ch 8th"]
[Site "Mexico City"]
[Date "2022.02.19"]
[Round "9"]
[White "Chinchilla Miranda, Eugenio"]
[Black "Francisco Cruz, Yahir Alberto"]
[Result "1-0"]
[WhiteElo "2193"]
[BlackElo "1949"]
[PlyCount "77"]
[EventDate "2022.02.12"]
[EventType "swiss"]
[EventRounds "9"]
[EventCountry "MEX"]
[SourceTitle "CBM 206 Extra"]
[Source "ChessBase"]
[SourceDate "2022.03.31"]
[SourceVersion "1"]
[SourceVersionDate "2022.03.31"]
[SourceQuality "1"]

1. d4 Nf6 2. c4 g6 3. Nc3 d5 4. Nf3 Bg7 5. Qb3 dxc4 6. Qxc4 0-0 7. e4 a6 8. Be2 b5 9. Qb3 Nc6 10. e5 Be6 11. exf6 Bxb3 12. fxg7 Kxg7 13. axb3 Nxd4 14. Nxd4 Qxd4 15. 0-0 Qb4 16. Bf3 Rad8 17. Rxa6 Qxb3 18. Rc6 Rc8 19. Re1 Rfd8 20. h4 e6 21. h5 Rd6 22. Rc5 b4 23. Bd1 Rxd1 24. h6+ Kf8 25. Nxd1 f6 26. Ne3 Ke7 27. Nc2 Kd6 28. Rc6+ Kd7 29. Rd1+ Ke7 30. Be3 Rd8 31. Rxc7+ Ke8 32. Ra1 Qxb2 33. Raa7 Rd1+ 34. Kh2 Qe5+ 35. f4 Qh5+ 36. Kg3 g5 37. Rg7 Qh4+ 38. Kf3 Qh5+ 39. Ke4 1-0

[Event "Iberoamerican-ch 8th"]
[Site "Mexico City"]
[Date "2022.02.17"]
[Round "7"]
[White "Ruiz Ortiz, Cristian Uriel"]
[Black "Francisco Cruz, Yahir Alberto"]
[Result "0-1"]
[WhiteElo "1525"]
[BlackElo "1949"]
[PlyCount "56"]
[EventDate "2022.02.12"]
[EventType "swiss"]
[EventRounds "9"]
[EventCountry "MEX"]
[SourceTitle "CBM 206 Extra"]
[Source "ChessBase"]
[SourceDate "2022.03.31"]
[SourceVersion "1"]
[SourceVersionDate "2022.03.31"]
[SourceQuality "1"]

1. e4 e6 2. d4 d5 3. exd5 exd5 4. Nf3 Bd6 5. Bd3 Ne7 6. 0-0 Bg4 7. Nbd2 Nbc6 8. c3 Qd7 9. b4 0-0 10. Be2 Rae8 11. Nb3 Ng6 12. Be3 Nce7 13. Nfd2 Bxe2 14. Qxe2 Nf5 15. Nf3 Nxe3 16. fxe3 Bf4 17. Nc5 Qc8 18. Qb5 Bxe3+ 19. Kh1 b6 20. Nb3 c6 21. Qd3 Qg4 22. Ne5 Nxe5 23. Qxe3 Nc4 24. Qf3 Qxf3 25. Rxf3 Re2 26. a4 Rfe8 27. a5 Rb2 28. Nc1 Re1+ 0-1

[Event "Mexico City Latinoamericano op 1st"]
[Site "Mexico City"]
[Date "2021.11.06"]
[Round "4"]
[White "Francisco Cruz, Yahir Alberto"]
[Black "Venegas Ocampo, Pablo Juan Jose"]
[Result "0-1"]
[WhiteElo "1956"]
[BlackElo "2116"]
[PlyCount "58"]
[EventDate "2021.11.04"]
[EventType "swiss"]
[EventRounds "9"]
[EventCountry "MEX"]
[SourceTitle "EXT 2023"]
[Source "ChessBase"]
[SourceDate "2022.10.05"]
[SourceVersion "1"]
[SourceVersionDate "2022.10.05"]
[SourceQuality "1"]

1. c4 Nf6 2. g3 e6 3. Bg2 d5 4. d4 c6 5. Nf3 Nbd7 6. 0-0 dxc4 7. a4 a5 8. Qc2 Nb6 9. Nbd2 Be7 10. e4 0-0 11. e5 Nfd5 12. Nxc4 Nxc4 13. Qxc4 b5 14. Qxc6 Bd7 15. Qc2 bxa4 16. Bd2 Qb6 17. Bg5 Rfc8 18. Qd2 Bb4 19. Qd3 Bb5 20. Qe4 h6 21. Bc1 a3 22. bxa3 Bxf1 23. Bxf1 Bf8 24. Bd3 g6 25. Nh4 Ne7 26. Be3 Rab8 27. d5 exd5 28. Qa4 Qb3 29. Qd4 Nc6 0-1

[Event "Mexican op 66th"]
[Site "Villahermosa"]
[Date "2021.08.07"]
[Round "7"]
[White "Benitez Lozano, Javier"]
[Black "Francisco Cruz, Yahir Alberto"]
[Result "1-0"]
[WhiteElo "2287"]
[BlackElo "1989"]
[PlyCount "59"]
[EventDate "2021.08.04"]
[EventType "swiss"]
[EventRounds "8"]
[EventCountry "MEX"]
[SourceTitle "CBM 203 Extra"]
[Source "ChessBase"]
[SourceDate "2021.09.30"]
[SourceVersion "1"]
[SourceVersionDate "2021.09.30"]
[SourceQuality "1"]

1. c4 Nf6 2. Nc3 g6 3. g3 Bg7 4. Bg2 0-0 5. e4 d6 6. Nge2 c5 7. 0-0 Nc6 8. d3 Bd7 9. h3 Rb8 10. Be3 a6 11. a4 Ne8 12. d4 cxd4 13. Nxd4 Nc7 14. b3 Ne6 15. Nde2 Nc5 16. Rb1 Nb4 17. Qd2 b6 18. Nd4 Qc7 19. Rfe1 Rfc8 20. Nd5 Nxd5 21. exd5 b5 22. axb5 axb5 23. b4 Na4 24. c5 dxc5 25. bxc5 Qxc5 26. Nc6 Qc3 27. Nxe7+ Kf8 28. Nxc8 Bxc8 29. Qxc3 Bxc3 30. Bh6+ 1-0

[Event "Mexican op 66th"]
[Site "Villahermosa"]
[Date "2021.08.07"]
[Round "6"]
[White "Francisco Cruz, Yahir Alberto"]
[Black "Moreno Arteaga, Gerson"]
[Result "1-0"]
[WhiteElo "1989"]
[BlackElo "1698"]
[PlyCount "113"]
[EventDate "2021.08.04"]
[EventType "swiss"]
[EventRounds "8"]
[EventCountry "MEX"]
[SourceTitle "CBM 203 Extra"]
[Source "ChessBase"]
[SourceDate "2021.09.30"]
[SourceVersion "1"]
[SourceVersionDate "2021.09.30"]
[SourceQuality "1"]

1. c4 e5 2. g3 Bc5 3. Bg2 Nc6 4. e3 Qf6 5. Nc3 Nb4 6. d3 Qg6 7. Ne4 Be7 8. Nf3 Nc6 9. 0-0 f5 10. Nc3 d6 11. Nd5 Bd8 12. b4 Nf6 13. Nh4 Qf7 14. f4 e4 15. dxe4 Nxe4 16. Nf3 0-0 17. Bb2 Be6 18. Nd2 Nxd2 19. Qxd2 Ne7 20. Nxe7+ Bxe7 21. Bxb7 Bxc4 22. Rfc1 Rab8 23. Bg2 Kh8 24. a3 d5 25. Bf1 c5 26. Bxc4 dxc4 27. Be5 Rfd8 28. Qc3 cxb4 29. axb4 Bxb4 30. Qxc4 Qxc4 31. Rxc4 Rb7 32. Ra6 Kg8 33. Bd4 Rdd7 34. Rc8+ Kf7 35. Kf2 Bd6 36. Kf3 Bc7 37. h3 Bb6 38. Bxb6 axb6 39. Ra3 Rdc7 40. Rxc7+ Rxc7 41. Rb3 Rb7 42. Rb5 Ke6 43. g4 g6 44. e4 fxe4+ 45. Kxe4 Kd6 46. h4 Kc6 47. Rb1 Re7+ 48. Kd4 Ra7 49. Ke5 Ra5+ 50. Ke6 Ra4 51. Rc1+ Kb5 52. Rf1 Kc5 53. h5 b5 54. f5 Rxg4 55. f6 Kc6 56. h6 b4 57. f7 1-0

[Event "FIDE World Cup Mexico Qual"]
[Site "Mexico City"]
[Date "2021.05.28"]
[Round "4"]
[White "Francisco Cruz, Yahir Alberto"]
[Black "Diaz Gonzalez Jardon, Emmanuel"]
[Result "0-1"]
[WhiteElo "1740"]
[BlackElo "1603"]
[PlyCount "106"]
[EventDate "2021.05.26"]
[EventType "swiss"]
[EventRounds "9"]
[EventCountry "MEX"]
[SourceTitle "CBM 202 Extra"]
[Source "ChessBase"]
[SourceDate "2021.07.31"]
[SourceVersion "1"]
[SourceVersionDate "2021.07.31"]
[SourceQuality "1"]

1. c4 c5 2. g3 g6 3. Bg2 Bg7 4. Nf3 Nc6 5. 0-0 e6 6. Nc3 Nge7 7. d4 cxd4 8. Nb5 d5 9. cxd5 Nxd5 10. Nbxd4 Nde7 11. Be3 e5 12. Nb5 Qxd1 13. Rfxd1 0-0 14. Nd2 Be6 15. Nc7 Rac8 16. Nxe6 fxe6 17. Nb3 Nf5 18. Bd2 b6 19. Bc3 Ncd4 20. e3 Ne2+ 21. Kh1 Nxc3 22. bxc3 Rxc3 23. Rd2 Rfc8 24. Rad1 a5 25. Bb7 R8c7 26. Rd8+ Kf7 27. Bf3 a4 28. Nd2 Rc1 29. Ne4 Ke7 30. R8d2 b5 31. Kg2 Rxd1 32. Bxd1 Rb7 33. Rb2 a3 34. Rd2 Rd7 35. Rxd7+ Kxd7 36. Bb3 Bf8 37. Ng5 Ng7 38. Ne4 Be7 39. g4 g5 40. Kg3 Ne8 41. f4 exf4+ 42. exf4 h6 43. fxg5 hxg5 44. Kf3 Nc7 45. Nc3 Kc6 46. Ke4 Bf6 47. Ne2 Kd6 48. Nc1 Be5 49. h3 Bf6 50. Nd3 Nd5 51. Nf2 Bd8 52. Nd3 Ba5 53. Ne5 Nf6+ 0-1